Statistics for População do Distrito de Aveiro por ordem

Click here to take the quiz!

General Stats

  • This quiz has been taken 4 times
  • The average score is 9 of 19

Answer Stats

HintAnswer% Correct
80 954 hab.Aveiro
100%
46 119 hab.Águeda
67%
39 235 hab.Ílhavo
67%
66 175 hab.Oliveira de Azeméis
67%
54 953 hab.Ovar
67%
136 674 hab.Santa Maria da Feira
67%
24 840 hab.Albergaria-a-Velha
33%
27 532 hab.Anadia
33%
21 146 hab.Arouca
33%
15 586 hab.Castelo de Paiva
33%
31 043 hab.Espinho
33%
26 213 hab.Estarreja
33%
19 348 hab.Mealhada
33%
10 476 hab.Murtosa
33%
23 132 hab.Oliveira do Bairro
33%
22 143 hab.São João da Madeira
33%
11 063 hab.Sever do Vouga
33%
22 886 hab.Vagos
33%
21 269 hab.Vale de Cambra
33%

Score Distribution

Percentile by Number Answered

Percent of People with Each Score

Your Score History

You have not taken this quiz